[Event "Boeing Experts"]
[Site "?"]
[Date "1973.01.18"]
[Round "6"]
[White "Connelly, F."]
[Black "Bailey, B."]
[Result "0-1"]
[WhiteElo "1602"]
[BlackElo "2063"]
[Annotator "Stockfish 14 (15s)"]
[PlyCount "46"]
[EventDate "1973.??.??"]

{D52: Queen's Gambit Declined: Cambridge Springs Variation} 1. d4 d5 2. c4 e6
3. Nc3 Nf6 4. Bg5 Nbd7 5. e3 c6 6. Nf3 Qa5 7. Bd3 Ne4 8. cxd5 Nxc3 9. bxc3
Qxc3+ 10. Ke2 exd5 (10... Qb2+ 11. Nd2 exd5 12. a3 Be7 13. Bxe7 Kxe7 14. Re1
Nf6 15. Kf1 Re8 16. Nf3 Kf8 17. Ne5 Qc3 18. Qe2 Kg8 19. Rec1 Qa5 20. Rc5 Qc7
21. Qc2 Rxe5 22. dxe5 Qxe5 23. Rb1 Qxh2 24. f3 h5 25. Bf5 {
Pierecker,M (2290)-Raffalt,M (2205) St Veit 1998 0-1}) 11. Rc1 $146 (11. Qd2
Qxd2+ 12. Nxd2 Bb4 13. f4 Nb6 14. h3 f6 15. Bh4 Be6 16. g4 Kd7 17. f5 Bf7 18.
Rhg1 h6 19. Bf2 Rae8 20. h4 Kc8 21. g5 hxg5 22. hxg5 Reg8 23. g6 Be8 24. Nb3
Bd7 25. Kf3 Rh5 {Marzec,R-Effer,D Germany 1995 1-0}) (11. Re1 Bb4 12. Kf1 h6
13. Bf4 g5 14. Be5 Nxe5 15. Nxe5 Qxe1+ 16. Qxe1 Bxe1 17. Rxe1 Be6 18. f4 f6 19.
Ng6 Rg8 20. e4 dxe4 21. Rxe4 Kd7 22. f5 Rxg6 23. Rxe6 Rg7 24. Rxf6 Kc7 25. Rxh6
Rd8 {Butterworth,P-Chaplin,P (2072) Bristol 2004 0-1 (37)}) 11... Qa3 12. Rc2 (
12. Qc2 h6 13. Bf4 Bd6 $17) 12... Be7 (12... Bd6 13. Qb1 $17) 13. Qa1 Bxg5 14.
Nxg5 Nf6 15. Rc5 (15. Rb1 O-O $17) 15... h6 $19 16. Rhc1 $4 (16. Nf3 $142 Ne4
17. Rc2 $19) 16... hxg5 17. R1c3 Qb4 (17... Qa4 $142 $5 18. Kf1 Be6 19. Qc1 $19
) 18. Rb3 Qa4 19. Qb2 (19. Qb1 Rxh2 20. Rb4 Qa3 $19) 19... Ne4 (19... Rxh2 $142
20. Ke1 $19) 20. Bxe4 (20. Rxd5 Bg4+ 21. Kf1 Rxh2 $19) 20... dxe4 21. Ra3 (21.
h3 Qa6+ 22. Ke1 $19) 21... Bg4+ 22. f3 exf3+ 23. gxf3 Rxh2+ (23... Rxh2+ 24.
Ke1 Rh1+ 25. Kd2 Qd1+ 26. Kc3 Bxf3 $19) 0-1

[Event "Boeing Experts"]
[Site "?"]
[Date "1973.02.06"]
[Round "7"]
[White "Bailey, B."]
[Black "Murray, M."]
[Result "0-1"]
[WhiteElo "2063"]
[BlackElo "2175"]
[Annotator "Stockfish 14 (15s)"]
[PlyCount "56"]
[EventDate "1973.??.??"]

{B15: Caro-Kann: 3 Nc3: 3...g6 and 3...dxe4 4 Nxe4 Nf6 5 Nxf6+ exf6} 1. e4 g6
2. d4 c6 3. Nc3 d5 4. f4 (4. g3 dxe4 5. Nxe4 Bg7 6. Ne2 Nd7 7. Bg2 Ngf6 8.
Nxf6+ Nxf6 9. c4 e5 10. O-O exd4 11. Nxd4 O-O 12. Nb3 Qxd1 13. Rxd1 a5 14. Be3
Nd7 15. Nd4 Ne5 16. Rac1 h6 17. h3 Re8 18. a4 Re7 {
Zakharov,A (2360)-Terekhov,A (2305) St Petersburg 1997 1-0 (46)}) 4... dxe4 (
4... h5 5. Be2 dxe4 6. Nxe4 Bg7 7. Nf3 Bg4 8. Be3 Nh6 9. c3 Nf5 10. Bf2 Nd7 11.
h3 Bxf3 12. Bxf3 Qc7 13. Qd2 Nb6 14. Ng3 Nc4 15. Qe2 Ncd6 16. O-O Bh6 17. Nxf5
Nxf5 18. Qe5 O-O-O 19. Qxc7+ {
Kriz,L (2070)-Folkova,M (2165) Plzen 2004 1-0 (31)}) 5. Nxe4 Bg7 6. c3 $146 (6.
Nf3 Bg4 7. c3 Nd7 8. h3 Bxf3 9. Qxf3 Ngf6 10. Bd3 Nxe4 11. Bxe4 Nf6 12. Bc2 e6
13. O-O O-O 14. Be3 Nd5 15. Rad1 Qa5 16. a3 Qb6 17. Bc1 c5 18. dxc5 Qxc5+ 19.
Kh1 Rad8 20. Rd3 b5 {Balais,A-Venner,L France 1999 0-1 (43)}) 6... Nd7 7. Nf3
Ngf6 8. Bd3 Nxe4 9. Bxe4 Nf6 10. Bc2 Qc7 11. Ne5 Be6 (11... Bf5 12. Bxf5 gxf5
13. Be3 $11) 12. Bb3 (12. O-O $142 $5 Qc8 13. Qf3 $16) 12... Bxb3 $11 13. Qxb3
O-O 14. O-O Rad8 (14... e6 15. Kh1 $15) 15. f5 $11 Nd5 16. fxg6 (16. Ng4 $5 $11
) 16... hxg6 $15 17. Nd3 b6 18. Bf4 (18. Qc4 $142 $5 $15) 18... Nxf4 $17 19.
Nxf4 c5 (19... e6 $142 $17) 20. dxc5 $4 (20. Qc4 $142 e6 21. Rae1 $17) 20...
Qxc5+ $19 21. Kh1 Rd2 22. Nxg6 (22. Rae1 e6 23. Nh3 $19) 22... Qg5 $1 23. Nxe7+
(23. -- $140 Qxg2# {Mate threat}) 23... Qxe7 24. Rf3 (24. Qc4 Rxb2 25. Rae1 Qg5
$19) 24... Qe2 25. Rg3 (25. Rg1 Rxb2 26. Qd5 $19) 25... Rfd8 26. h3 Rd1+ 27.
Kh2 Rxa1 28. Qb4 (28. Qa4 Rdd1 29. Rxg7+ Kxg7 30. Qf4 Qe7 31. Qg4+ Kh6 32. Qf4+
Qg5 33. Qxg5+ Kxg5 34. Kg3 Rf1 35. a3 Kh5 36. b3 f5 37. Kh2 Rh1+ 38. Kg3 Raf1
39. a4 f4#) 28... Rdd1 (28... Rdd1 29. Rxg7+ Kxg7 30. Qf4 Rxa2 31. Qg5+ Kf8 32.
Qf4 Rxb2 33. Qb8+ Ke7 34. Qc7+ Kf6 35. Qf4+ Ke6 36. Kg3 Qe5 37. Qxe5+ Kxe5 38.
c4 Rd8 39. h4 Rg8+ 40. Kh3 Rgxg2 41. c5 Kf4 42. h5 Rh2#) (28... Qf2 29. Rxg7+
Kxg7 30. Qg4+ Kh6 31. Qf3 Qxf3 32. gxf3 Rg8 33. a3 Kh5 34. b3 Rag1 35. h4 Kxh4
36. a4 R8g2#) 0-1

[Event "Kittitas County Open"]
[Site "?"]
[Date "1972.10.14"]
[Round "1"]
[White "Bailey, B."]
[Black "Johnson, M."]
[Result "1-0"]
[WhiteElo "2018"]
[BlackElo "1000"]
[Annotator "Stockfish 14 (15s)"]
[PlyCount "37"]
[EventDate "1972.??.??"]

{C01: French: Exchange Variation} 1. e4 e6 2. d4 Nf6 3. e5 Nd5 4. Nf3 Be7 5. c4
Nb4 (5... Nb6 6. Nc3 d5 (6... O-O 7. Bd3 c6 8. Bc2 Na6 9. Qd3 g6 10. a3 Nc7 11.
Bh6 Re8 12. Ne4 d5 13. exd6 Bxd6 14. Nxd6 Qxd6 15. c5 Qd5 16. cxb6 axb6 17. O-O
Rd8 18. Bg5 Re8 19. Qe3 Ra5 20. b4 Ra8 21. Bf4 {
Donaghay,R (1970)-Leary,P (1845) Telford 2005 1-0}) 7. exd6 cxd6 8. Be2 N8d7 9.
O-O Nf6 10. a4 O-O 11. h3 Nbd7 12. a5 a6 13. Bf4 b6 14. b4 bxa5 15. bxa5 Bb7
16. Qc2 Ra7 17. Rfb1 Qa8 18. Be3 Be4 19. Nxe4 Nxe4 20. Nd2 {
Leskovar,M (2405)-Mazzoleni,J (2200) Buenos Aires 1994 1-0 (50)}) 6. Be3 $146 (
6. a3 N4a6 7. b4 c6 8. Bd3 g6 9. h4 h5 10. Qc2 Nc7 11. Nc3 b6 12. Ng5 Rg8 13.
Nce4 Bb7 14. Nh7 c5 15. Nef6+ Bxf6 16. Nxf6+ Ke7 17. Bg5 Rh8 18. Ne4+ f6 19.
Bxf6+ Kf7 20. Bxd8 Rxd8 {Leray,J-Ergo,E Paris 1994 1-0}) (6. a3 N4a6 7. b4 c6
$18) 6... f6 $2 (6... N4c6 7. d5 Bb4+ 8. Nbd2 $18) 7. Nc3 (7. a3 N4c6 8. Bd3 d6
9. exd6 cxd6 $18) 7... d5 (7... fxe5 8. dxe5 d6 $18) 8. a3 N4c6 9. Bd3 Nd7 (
9... dxc4 10. Bxc4 Nd7 11. Bxe6 Ndxe5 $18) 10. cxd5 exd5 11. Nxd5 fxe5 12. Nxe5
Ndxe5 13. dxe5 Qxd5 (13... O-O 14. Qh5 h6 15. Rd1 Qxd5 16. Bh7+ Kxh7 17. Rxd5
$18) 14. Bg6+ $3 hxg6 15. Qxd5 Bd7 16. e6 Bc8 17. O-O-O Rh5 (17... O-O 18. Rhe1
$18) 18. Qe4 Re5 (18... Rf5 $18) 19. Qxg6+ (19. Qxg6+ Kf8 20. Qf7#) 1-0

[Event "Kittitas County Open"]
[Site "?"]
[Date "1972.10.14"]
[Round "2"]
[White "Poyser, K."]
[Black "Bailey, B."]
[Result "0-1"]
[WhiteElo "1736"]
[BlackElo "2018"]
[Annotator "Stockfish 14 (15s)"]
[PlyCount "64"]
[EventDate "1972.??.??"]

{E21: Nimzo-Indian: 4 Nf3} 1. d4 Nf6 2. c4 e6 3. Nc3 Bb4 4. Bd2 O-O 5. Nf3 b6
6. g3 Bb7 7. Bg2 d5 8. cxd5 Nxd5 9. Nxd5 Bxd2+ 10. Qxd2 Bxd5 11. O-O Nd7 12. b3
c5 13. dxc5 $146 (13. Rac1 Rc8 14. Rfd1 Qe7 15. Nh4 Bxg2 16. Nxg2 Rfd8 17. Qe3
Rc7 18. Nf4 Nf6 19. dxc5 Rxd1+ 20. Rxd1 Rxc5 21. Qf3 h6 22. Rd2 Rc1+ 23. Kg2
Qc7 24. Qd3 Qc6+ 25. f3 Qc5 26. Rd1 Rc2 27. Rd2 Rc1 {
Dinh Thi Quynh,M-Nguyen T Kim,T Dong Thap 2000 0-1 (40)}) 13... Nxc5 14. Rfd1
Ne4 15. Qe3 Qf6 (15... Rc8 $14) 16. Nd2 (16. Nd4 $142 $5 Qg6 17. Rac1 $16)
16... Nc3 $11 17. Rdc1 Rac8 18. Ne4 Bxe4 19. Bxe4 g6 20. Kg2 (20. Bd3 Nd5 21.
Qd2 Qd4 $11) 20... Rfd8 (20... Qe5 21. Bd3 Qxe3 22. fxe3 $11) 21. a4 (21. Bd3
Rc5 $11) 21... Qe5 (21... Qd4 22. Qxd4 Rxd4 23. Bd3 $15) 22. Bd3 (22. Bb7 Qxe3
23. fxe3 Rc5 $11) 22... Qd5+ $15 23. f3 $2 (23. Qf3 $142 Qxb3 24. a5 $15) 23...
Qxb3 $19 24. Bb5 $4 (24. a5 Qb2 25. axb6 axb6 26. h4 $19) 24... Qb2 25. Qf2 (
25. Bd3 Rc5 26. Re1 a5 $19) 25... Rd2 (25... Nxb5 $142 26. Rcb1 Qe5 27. axb5
$19) 26. Rab1 Qa2 (26... Nxb1 $6 27. Rxc8+ Kg7 28. Bd3 $11) 27. Ra1 Qd5 (27...
Qb2 28. Rab1 Qa3 $19 (28... Nxb1 $6 29. Rxc8+ Kg7 30. Qe3 $11)) 28. Ra3 (28.
Qe3 $142 Qd4 29. Qxd4 Rxd4 30. Ra3 $18) 28... Qe5 $17 29. Qe1 $4 (29. f4 $142
Qe4+ 30. Qf3 $17) 29... Qd4 $19 30. Qf1 (30. Kf1 Rc5 $19) 30... Rc5 31. Qe1 (
31. Re1 a5 32. Qf2 Qxf2+ 33. Kxf2 Nxb5 34. axb5 Rxb5 35. h4 $19) 31... Nxb5 32.
axb5 (32. Rxc5 Nxa3 33. Rc8+ Kg7 $19) 32... Qb2 (32... Qb2 33. Rxc5 Rxe2+ 34.
Qxe2 Qxe2+ 35. Kh3 Qf1+ 36. Kh4 bxc5 37. f4 Qg2 38. g4 f6 39. Ra2 Qxa2 40. Kg3
c4 41. b6 c3 42. g5 c2 43. b7 Qb3+ 44. Kg2 Qxb7+ 45. Kf2 c1=Q 46. gxf6 Qxf4+
47. Ke1 Qb1+ 48. Ke2 Qbf1#) 0-1

[Event "Kittitas County Open"]
[Site "?"]
[Date "1972.10.14"]
[Round "3"]
[White "Bailey, B."]
[Black "Hatcher, W."]
[Result "1-0"]
[WhiteElo "2018"]
[BlackElo "1956"]
[Annotator "Stockfish 14 (15s)"]
[PlyCount "93"]
[EventDate "1972.??.??"]

{B09: Pirc Defence: Austrian Attack} 1. e4 d6 2. d4 Nf6 3. Nc3 g6 4. f4 Bg7 5.
Nf3 O-O 6. Bc4 c6 7. O-O Nxe4 (7... b5 8. Bd3 b4 (8... Qb6 9. Kh1 a6 10. Be3
Nbd7 11. Qd2 Bb7 12. h3 Rae8 13. e5 Nd5 14. Nxd5 cxd5 15. f5 dxe5 16. dxe5 Qc7
17. e6 fxe6 18. fxg6 Rxf3 19. gxh7+ Kh8 20. Rxf3 d4 21. Bh6 Bxh6 22. Qxh6 Bxf3
23. gxf3 {Crepaldi,M (1819)-Forno,R (2005) Asti 2006 0-1 (50)}) 9. Ne2 Ba6 10.
Ng3 c5 11. Bxa6 Nxa6 12. Qd3 Qb6 13. Kh1 Nc7 14. c3 a5 15. Bd2 Qb5 16. c4 Qb6
17. d5 Nd7 18. Rab1 e6 19. Rfe1 e5 20. f5 Ne8 21. Bg5 Nef6 22. Qd2 {
Gonzalez de Cima,E-Fernandez Garcia,J (2457) Norena 2001 1/2-1/2 (32)}) 8.
Bxf7+ Rxf7 9. Nxe4 Bg4 $146 (9... Bf5 10. Re1 (10. Neg5 Rf8 11. Qe2 Nd7 12. c3
e5 13. fxe5 dxe5 14. Qc4+ Kh8 15. Nf7+ Rxf7 16. Qxf7 Qb6 17. Qc4 exd4 18. cxd4
Ne5 19. Nxe5 Bxe5 20. Be3 Rd8 21. Rad1 Be4 22. Qe6 Bxd4 23. Bxd4+ Rxd4 24. Qf6+
{1-0 (24) Mrvova,A (2110)-Ornstein,P Rimavska Sobota 1996}) 10... Nd7 11. c3
Rf8 12. Ng3 e6 13. Nxf5 exf5 14. Qb3+ Kh8 15. Qxb7 c5 16. dxc5 Nxc5 17. Qd5 Ne4
18. Be3 Qb8 19. Re2 Qc7 20. Nd4 Qf7 21. Qxf7 Rxf7 22. Rd1 Rc8 23. Nb5 Rd7 24.
Bxa7 {Rafiee,M (1382)-Graefe,H (1614) Baunatal 2001 1-0 (37)}) (9... Na6 10. c3
Nc7 11. Bd2 $14) 10. Qd3 (10. Neg5 Rf8 $16) 10... Bxf3 (10... Bf5 $142 $5 11.
Qe2 Qd7 $14) 11. Rxf3 (11. Qxf3 $6 Bxd4+ 12. Kh1 Qd7 $11) 11... Qb6 12. c3 (12.
Ng5 $5 Rf6 13. Qe4 Na6 14. Qxe7 Nc7 $18) 12... Nd7 13. Ng5 Rf6 14. Qc4+ (14.
Rf2 $5 $16) 14... d5 $11 15. Qe2 Re8 (15... c5 16. Qxe7 cxd4 17. cxd4 $14) 16.
Kh1 (16. Ne6 Bh6 17. f5 Bxc1 18. Rxc1 c5 $16) 16... e6 (16... c5 17. dxc5 Qc6
18. Be3 $11) 17. Be3 (17. Rh3 h6 18. Nf3 Qa6 $16) 17... h6 (17... Bh6 18. Nh3
$14) 18. Nh3 $16 a5 (18... Qb5 19. Qc2 c5 20. Re1 $16) 19. Re1 Bf8 (19... Kh7
$5 $16) 20. Nf2 $18 Kg7 $2 (20... Qd8 21. Nd3 $18) 21. Nd3 (21. f5 $142 gxf5
22. Rg3+ Kh7 $18) 21... Qb5 $4 (21... Bd6 22. Ne5 Qd8 23. g4 $18) 22. Bg1 (22.
f5 $142 Kg8 23. fxg6 $18) 22... Bd6 23. Bf2 (23. h4 Rff8 24. h5 Nf6 $16) 23...
b6 (23... Rf5 $142 $5 $16) 24. Bh4 $18 Rf7 $2 (24... Rff8 $142 25. Re3 Nf6 26.
Bxf6+ Rxf6 $18) 25. Qd2 (25. f5 gxf5 26. g4 $18) 25... c5 $16 26. Rfe3 (26. a3
$142 $5 $16) 26... Bxf4 27. Nxf4 Rxf4 28. Bf2 Rf6 (28... Nf6 $5 29. dxc5 bxc5 (
29... Qxc5 $4 30. Rf3 Rxf3 31. Bxc5 $18 (31. gxf3 $143 Qd6 $15)) 30. Rxe6 Rxe6
31. Qxf4 Rxe1+ 32. Bxe1 Qe2 $11) 29. h3 $11 Qc6 30. Bg3 cxd4 $2 (30... Rf5 $142
$11) 31. cxd4 $18 Qc4 (31... Rc8 32. Rc3 Qa8 33. Bc7 $16) 32. b3 (32. Rc3 Qb4
33. a3 Qe7 $18) 32... Qa6 $2 (32... Qb4 $142 $5 33. Qd3 Qe7 $16) 33. Kg1 (33.
Kh2 $5 g5 $18) 33... Kh7 34. Bh4 (34. Kh2 Qa8 $18) 34... g5 (34... Rf7 $16) 35.
Qc2+ (35. Bg3 $142 $5 Kg7 36. a4 $18) 35... Kg8 (35... Kg7 $5 36. Bg3 Rc8 $16)
36. Bg3 Rc8 37. Qd1 b5 $4 (37... Rc6 $142 $16) 38. h4 $18 Rg6 39. Qg4 (39. hxg5
Rf8 40. gxh6 Kh7 $18) 39... Rc6 $4 (39... Nf6 $142 40. Qe2 gxh4 41. Rxe6 Rc6
42. Bxh4 Rxe6 43. Qxe6+ Qxe6 44. Rxe6 Kf7 $11) 40. hxg5 $18 hxg5 (40... Rxg5
41. Qh3 Rg7 42. Rxe6 Nf8 $18) 41. Qh5 e5 (41... Kg7 42. Bd6 Qb6 $18) 42. Bxe5
Nxe5 43. Rxe5 (43. dxe5 $6 Qa7 $14) 43... Rcf6 44. Re8+ Rf8 45. Rxf8+ (45. R1e7
Rxe8 46. Qh7+ Kf8 47. Qf7#) 45... Kxf8 46. Qh8+ Kf7 (46... Rg8 47. Rf1+ Qf6 48.
Qxf6+ Ke8 49. Qe6+ Kd8 50. Rf7 a4 51. Qd7#) 47. Qe8+ (47. Qe8+ Kg7 48. Re7+ Kf6
49. Rf7#) 1-0

[Event "Seattle Amateur"]
[Site "?"]
[Date "1972.10.21"]
[Round "1"]
[White "DeWeese, M."]
[Black "Bailey, B."]
[Result "0-1"]
[WhiteElo "1380"]
[BlackElo "2018"]
[Annotator "Stockfish 14 (15s)"]
[PlyCount "96"]
[EventDate "1972.??.??"]

{C95: Closed Ruy Lopez: Breyer Variation with 10 d4} 1. e4 e5 2. Nf3 Nc6 3. Bb5
a6 4. Ba4 Nf6 5. O-O Be7 6. Re1 b5 7. Bb3 O-O 8. c3 d6 9. h3 Nb8 10. d4 Nbd7
11. dxe5 Nxe5 $146 (11... dxe5 12. Bg5 {
1/2-1/2 (12) Popovich,S (2285)-Litinskaya,M (2340) Lvov 1998} Bb7 13. Nbd2 Nh5
(13... c5 14. Bxf6 Bxf6 15. Nf1 c4 16. Bc2 Qc7 17. Ne3 g6 18. Qe2 Nc5 19. Ng4
Bg7 20. Qd2 Rfd8 21. Qg5 Ne6 22. Nf6+ Kh8 23. Qh4 h6 24. Nd5 Bxd5 25. exd5 Nc5
26. Rad1 Kg8 27. Qg3 Nd7 28. Rd2 {
Bergstrom,G-Rennerfelt,G Taby 1991 1/2-1/2 (72)}) 14. Bxe7 Qxe7 {
1/2-1/2 (14) Martinovic,S (2460)-Sahovic,D (2425) Vrnjacka Banja 1984}) 12.
Nxe5 dxe5 13. Qxd8 (13. Qe2 c6 $11) 13... Rxd8 14. Bc2 (14. Nd2 c5 $11) 14...
Bb7 (14... Be6 15. Be3 $15) 15. Nd2 $11 c5 16. Nf3 Nd7 17. Bd2 f6 18. Rab1 (18.
Be3 c4 $15) 18... Rac8 (18... c4 19. Be3 $17) 19. Nh4 (19. a4 c4 20. axb5 axb5
$15) 19... c4 (19... g6 $5 $17) 20. Nf5 $15 Bf8 21. Be3 (21. Red1 Nc5 22. f3 a5
$15) 21... g6 22. Ng3 Nc5 23. Rbd1 h5 24. Rxd8 Rxd8 25. Bxc5 Bxc5 26. Kf1 $2 (
26. h4 $142 $17) 26... Kf7 $4 (26... h4 $142 27. Nh1 Kh7 28. Ke2 $19) 27. b4 $4
(27. Ke2 $142 $15) 27... cxb3 $19 28. axb3 a5 29. Ne2 (29. h4 Rd2 30. Re2 $19)
29... Rd2 30. Rd1 Rxd1+ 31. Bxd1 Bxe4 32. Ng3 (32. Nc1 Ba3 33. f3 Bf5 $19 (
33... Bxc1 $6 34. fxe4 Bb2 35. b4 $19)) 32... Bc6 33. Bf3 (33. b4 axb4 34. cxb4
Bxb4 35. Bc2 $19) 33... Bxf3 34. gxf3 a4 35. Ne4 (35. bxa4 bxa4 36. Ne4 Bb6 $19
) 35... a3 36. Nxc5 (36. b4 Bb6 37. Nd2 $19) 36... a2 37. Kg2 a1=Q 38. Ne4 Ke6
39. Nc5+ Kd5 (39... Ke7 40. b4 Qxc3 41. Na6 Qd4 42. h4 Kf7 43. Nc5 Qxb4 44. Ne4
f5 45. Ng3 Ke7 46. Kf1 Qd2 47. Kg2 Qd3 48. Nf1 b4 49. Ne3 b3 50. Nf1 f4 51. Kh2
b2 52. Ne3 b1=Q 53. Kg2 fxe3 54. Kh2 Qbf1 55. f4 Qxf2+ 56. Kh3 e2#) 40. b4 Qxc3
41. Ne4 Qxb4 42. Nxf6+ Ke6 43. Ne4 Qxe4 $1 44. fxe4 b4 45. f4 (45. Kf1 b3 46.
f3 b2 47. h4 b1=Q+ 48. Kf2 Qc2+ 49. Ke3 Kf6 50. f4 exf4+ 51. Kd4 Ke6 52. e5 f3
53. Ke3 f2 54. Kf4 f1=Q+ 55. Ke3 Qff2#) 45... b3 46. f5+ (46. Kf2 b2 47. Ke3
b1=Q 48. f5+ gxf5 49. exf5+ Kxf5 50. h4 e4 51. Kd2 e3+ 52. Kxe3 Qe4+ 53. Kd2
Qxh4 54. Ke2 Qf4 55. Kd1 h4 56. Ke2 h3 57. Ke1 h2 58. Ke2 h1=Q 59. Kd3 Qfc1 60.
Kd4 Qe4#) 46... gxf5 47. exf5+ Kxf5 48. Kf3 b2 0-1

[Event "Seattle Amateur"]
[Site "?"]
[Date "1972.10.21"]
[Round "2"]
[White "Bailey, B."]
[Black "Okrent, R."]
[Result "1-0"]
[WhiteElo "2018"]
[BlackElo "1499"]
[Annotator "Stockfish 14 (15s)"]
[PlyCount "67"]
[EventDate "1972.??.??"]

{C73: Ruy Lopez: Deferred Steinitz: 5 Bxc6+} 1. e4 e5 2. Nf3 Nc6 3. Bb5 a6 4.
Ba4 d6 5. Bxc6+ bxc6 6. d4 f6 7. O-O Ne7 8. Be3 Ng6 (8... g6 9. c4 Bg7 10. Nc3
exd4 11. Nxd4 O-O 12. Qd2 Re8 13. Rac1 c5 14. Nde2 Be6 15. b3 Bf7 16. Nd5 Nc6
17. Nec3 Nb4 18. Rfe1 a5 19. f3 Nxd5 20. exd5 f5 21. g3 Qb8 22. Kg2 Qb7 23.
Rcd1 {Woolley,J (2047)-Medancic,R (2285) Rijeka 2001 0-1 (61)}) 9. Nc3 Be7 10.
Qe2 Be6 11. Nd2 $146 (11. Rfd1 Qb8 12. Rab1 O-O 13. h3 Kh8 14. b3 Qb7 15. Na4
Rae8 16. c4 Qc8 17. Nc3 Bd7 18. g4 d5 19. cxd5 Bb4 20. Rbc1 Bxc3 21. Rxc3 cxd5
22. exd5 f5 23. Qc2 f4 24. Rxc7 fxe3 25. Rxc8 Rxc8 {
Cladouras,P (2335)-Anic,D (2395) Budapest 1992 0-1 (49)}) (11. b3 $5 $11) 11...
O-O $17 12. Rad1 c5 $4 (12... a5 $142 $17) 13. dxc5 $16 dxc5 14. Nb3 Qb8 15.
Nxc5 (15. Bxc5 $6 Bxc5 16. Nxc5 Nf4 $11) 15... Bxc5 16. Bxc5 Nf4 17. Qf3 (17.
Qd2 Qxb2 18. Bxf8 Qxc3 19. Bb4 $18 (19. Qxc3 $143 Ne2+ 20. Kh1 Nxc3 $11)) 17...
Rf7 $4 (17... Qxb2 $142 18. Nd5 Rfd8 19. Nxf4 exf4 20. Qxf4 Qxc2 21. Rxd8+ Rxd8
22. Qxc7 Rd1 $11) 18. Rd2 (18. b3 Qe8 $18) 18... Qc8 (18... Qb7 19. Rfd1 g5 20.
b3 $18) 19. Rfd1 (19. Nd5 Bxd5 20. exd5 g5 $18) 19... Rd7 (19... g5 20. Be3 $18
) 20. Rxd7 (20. Be3 $142 $5 Ng6 $18) 20... Bxd7 21. Nd5 (21. Rd2 $142 $5 $18)
21... Nxd5 $16 22. Rxd5 (22. exd5 $2 Bg4 23. Qd3 Bxd1 24. Qxd1 Qb7 $19) 22...
Be6 23. Rd1 Bg4 (23... Qe8 24. b3 $16) 24. Qb3+ Qe6 $2 (24... Be6 $142 25. Qc3
Qe8 $18) 25. Qb7 $4 (25. Rd5 $142 c6 26. Rd6 Qxb3 27. axb3 $18) 25... Bxd1 $14
26. Qxa8+ Kf7 27. Qd8 Bxc2 28. Qxc7+ Kg6 $4 (28... Kg8 $142 $14) 29. Bf8 $18
Qf7 30. Qxc2 Qxf8 31. h3 (31. Qa4 Qd6 32. g3 h6 $18) 31... Qd6 32. a3 a5 33.
Qa4 $4 (33. Qb1 $142 a4 34. b4 axb3 35. Qxb3 $18) 33... Qd1+ $4 (33... Qd2 $142
$11) 34. Qxd1 (34. Qxd1 h6 35. b4 axb4 36. axb4 f5 37. b5 h5 38. b6 fxe4 39. b7
e3 40. b8=Q e2 41. Qxe2 e4 42. Qd6+ Kg5 43. Qxe4 h4 44. Qg4#) 1-0

[Event "Seattle Amateur"]
[Site "?"]
[Date "1972.10.21"]
[Round "3"]
[White "Bailey, D."]
[Black "Bailey, B."]
[Result "0-1"]
[WhiteElo "1767"]
[BlackElo "2018"]
[Annotator "Stockfish 14 (15s)"]
[PlyCount "26"]
[EventDate "1972.??.??"]

{C44: Ponziani Opening and Scotch Gambit} 1. e4 e5 2. Nf3 Nc6 3. d4 exd4 4. Bb5
Bb4+ 5. c3 dxc3 6. O-O Nge7 7. bxc3 Bc5 8. Ng5 Ne5 $146 (8... d6 9. Qh5 Ng6 10.
e5 (10. Kh1 Qe7 11. f4 h6 12. Nf3 Bd7 13. Bd3 O-O-O 14. g3 Qf6 15. Bb2 Nge7 16.
Ne1 g6 17. Qe2 Bh3 18. Ng2 Qe6 19. Nd2 f5 20. Nb3 Bb6 21. Nd4 Nxd4 22. cxd4
fxe4 23. d5 Qf7 24. Bxe4 Rhe8 {
Perez Cascella,J-Rossetto,H Buenos Aires 1965 0-1 (31)}) 10... Ngxe5 11. Re1
Qe7 12. Bf4 Bg4 13. Qh4 Bd7 14. Nd2 O-O-O 15. Qg3 h6 16. Nge4 g5 17. Bxg5 Bxf2+
18. Qxf2 hxg5 19. Bxc6 Bxc6 20. Qxa7 f5 21. Nc5 dxc5 22. Nc4 Be4 23. Rab1 {
Kholmov,R-Shianovsky,V Baku 1961 0-1}) 9. Qh5 (9. Nd2 $142 $5 c6 10. Nb3 $17)
9... c6 $19 10. Bc4 d5 11. exd5 $4 (11. Be2 N7g6 12. exd5 cxd5 13. Kh1 $19)
11... Bg4 12. Ne6 (12. Nxf7 Bxh5 (12... Nxc4 $4 13. Nd6+ (13. Qxg4 $6 Kxf7 14.
dxc6 Qd5 15. cxb7 Rad8 $11) 13... Kd7 14. Qxg4+ Kxd6 15. Bf4+ Ne5 16. Bxe5+
Kxe5 17. Qe6+ Kf4 18. Re1 $18) 13. Nxd8 Rxd8 $19 (13... Nxc4 $6 14. Ne6 $17))
12... Bxh5 13. Nxd8 Rxd8 (13... Rxd8 14. Bb3 O-O $19) 0-1

[Event "Seattle Amateur"]
[Site "?"]
[Date "1972.10.22"]
[Round "4"]
[White "Bailey, B."]
[Black "Kauppila, T."]
[Result "0-1"]
[WhiteElo "2018"]
[BlackElo "2082"]
[Annotator "Stockfish 14 (15s)"]
[PlyCount "48"]
[EventDate "1972.??.??"]

{C60: Ruy Lopez: Unusual Black 3rd moves and 3...g6} 1. e4 e5 2. Nf3 Nc6 3. Bb5
g6 4. c3 Bg7 (4... a6 5. Bxc6 dxc6 6. O-O Bg7 7. d4 exd4 8. cxd4 Ne7 9. Nc3 Bg4
10. Be3 O-O 11. h3 Bxf3 12. Qxf3 f5 13. Bg5 Qd7 14. Bxe7 Qxe7 15. e5 Rad8 16.
Rad1 c5 17. Nd5 Qf7 18. dxc5 Bxe5 19. Rfe1 {
Chandler,M (2535)-Spassky,B (2610) Vienna 1986 1/2-1/2}) (4... d6 5. h3 Bd7 6.
d4 Bg7 7. dxe5 dxe5 8. O-O Nge7 9. Qb3 O-O 10. Rd1 Qe8 11. Na3 a6 12. Bf1 b5
13. Nc2 Be6 14. c4 bxc4 15. Qc3 Nd4 16. Ng5 Nb5 17. Qg3 Nc6 18. Qh4 h6 19. Nxe6
{Carton,P (2210)-Luethgens,E Germany 1993 1-0 (31)}) 5. d3 Nge7 6. Nbd2 d6 7.
O-O $146 (7. Nf1 d5 8. Qe2 dxe4 9. dxe4 h6 10. Be3 Be6 11. Bc5 a6 12. Ba4 b5
13. Bb3 Qc8 14. N3d2 Na5 15. Ne3 c6 16. O-O Nb7 17. Bxe7 Kxe7 18. f4 exf4 19.
Rxf4 Re8 20. Raf1 Nd8 21. Nd5+ Bxd5 {Maroczy,G-Charousek,R Budapest 1895 1-0})
7... O-O 8. Re1 h6 9. Nf1 Bd7 10. Ng3 Kh7 11. d4 $4 (11. a4 $142 $11) 11...
Nxd4 $17 12. Nxd4 exd4 13. Bxd7 dxc3 (13... Qxd7 $6 14. cxd4 f5 15. Qd3 $11)
14. e5 $2 (14. Ba4 cxb2 15. Bxb2 Bxb2 $17) 14... cxb2 $4 (14... Qxd7 $142 15.
bxc3 Rfe8 $19 (15... Bxe5 $4 16. Rxe5 f5 17. Re1 $18)) 15. Bxb2 $17 Qxd7 16.
exd6 cxd6 17. Bxg7 Kxg7 18. Qd4+ (18. h4 h5 19. Rb1 b6 $17) 18... f6 19. Rad1 (
19. h4 h5 20. Rad1 d5 $17) 19... d5 (19... Nc6 20. Qd3 Rae8 21. Re2 $19) 20.
Qc5 (20. Qb2 h5 21. h4 Rae8 $17) 20... Rf7 (20... Rfe8 21. Re2 b6 22. Qa3 $19)
21. Ne4 $2 (21. Ne2 $142 $17) 21... Qc6 (21... b6 $5 22. Qa3 Rd8 23. h4 $19)
22. Qxc6 Nxc6 (22... bxc6 $6 23. Nd6 Nf5 24. Nxf7 Kxf7 25. g4 $11) 23. Rxd5 Re8
24. Kf1 $4 (24. Re3 $19) 24... Rfe7 0-1